| 000 | 00000nam 2200000zi 4500 |
| 001 | 9.927539 |
| 003 | CaOODSP |
| 005 | 20240129151235 |
| 006 | m o d f |
| 007 | cr ||||||||||| |
| 008 | 230919e202310 onc ob f000 0 fre d |
| 020 | |a9780660680095 |
| 040 | |aCaOODSP|bfre|erda|cCaOODSP |
| 043 | |an-cn--- |
| 086 | 1 |aH139-54/22-2023F-PDF |
| 245 | 00|aChangements à l'homologation des pesticides contenant de la perméthrine (usages sur les structures). |
| 264 | 1|a[Ottawa] : |bSanté Canada = Health Canada, |coctobre 2023. |
| 300 | |a1 ressource en ligne (2 pages non numérotées) |
| 336 | |atexte|btxt|2rdacontent/fre |
| 337 | |ainformatique|bc|2rdamedia/fre |
| 338 | |aressource en ligne|bcr|2rdacarrier/fre |
| 500 | |aPublié aussi en anglais sous le titre : Changes to the registration of permethrin pesticides (uses on structures). |
| 500 | |a« PUB. : 230408. » |
| 504 | |aComprend des références bibliographiques. |
| 650 | 6|aInsecticides|xPolitique gouvernementale|zCanada. |
| 650 | 6|aInsecticides|xÉtiquetage|zCanada. |
| 650 | 6|aInsecticides|xAtténuation des risques|zCanada. |
| 710 | 1 |aCanada. |bSanté Canada, |eorganisme de publication. |
| 775 | 08|tChanges to the registration of permethrin pesticides (uses on structures).|w(CaOODSP)9.927537 |
| 856 | 40|qPDF|s287 Ko|uhttps://publications.gc.ca/collections/collection_2024/sc-hc/H139-54-22-2023-fra.pdf |
| 856 | 4 |qHTML|sS.O.|uhttps://www.canada.ca/fr/sante-canada/services/publications/securite-produits/changements-homologation-pesticides-contenant-permethrine-usages-structures.html |